[Event "WCO 2016"]
[Site "?"]
[Date "2016.09.09"]
[Round "7"]
[Board "29"]
[WhiteID "11301287"]
[White "Francis Onkemetse"]
[BlackID "7800711"]
[Black "Begum Ghazala"]
[Result "1-0"]
[BlackElo "1668"]
[WhiteElo "1777"]
[LiveChessVersion "1.4.8"]

1. e4 {[%clk 1:30:58]} d6 {[%clk 1:30:32]} 2. d4 {[%clk 1:31:16]} g6
{[%clk 1:30:42]} 3. Nf3 {[%clk 1:31:33]} Bg7 {[%clk 1:30:50]} 4. c3
{[%clk 1:31:56]} c5 {[%clk 1:29:56]} 5. dxc5 {[%clk 1:31:49]} dxc5
{[%clk 1:30:24]} 6. Qxd8+ {[%clk 1:31:35]} Kxd8 {[%clk 1:30:48]} 7. Bf4
{[%clk 1:31:17]} a6 {[%clk 1:30:09]} 8. Nbd2 {[%clk 1:31:11]} Nc6
{[%clk 1:28:59]} 9. Nc4 {[%clk 1:29:14]} Bg4 {[%clk 1:24:48]} 10. Nb6
{[%clk 1:25:36]} Ra7 {[%clk 1:24:46]} 11. Ng5 {[%clk 1:19:01]} Ke8
{[%clk 1:24:18]} 12. h3 {[%clk 1:18:59]} e5 {[%clk 1:24:39]} 13. Be3
{[%clk 1:18:24]} h6 {[%clk 1:23:49]} 14. Nxf7 {[%clk 1:16:26]} Kxf7
{[%clk 1:22:22]} 15. hxg4 {[%clk 1:16:47]} Bf8 {[%clk 1:22:19]} 16. Rd1
{[%clk 1:16:05]} Nf6 {[%clk 1:22:01]} 17. f3 {[%clk 1:16:25]} g5 {[%clk 1:19:50]}
18. Bxg5 {[%clk 1:16:02]} Bg7 {[%clk 1:19:19]} 19. Be3 {[%clk 1:16:19]} Bf8
{[%clk 1:19:07]} 20. g5 {[%clk 1:13:17]} Ng8 {[%clk 1:19:18]} 21. gxh6
{[%clk 1:11:18]} Nxh6 {[%clk 1:19:29]} 22. g4 {[%clk 1:04:11]} Kg7
{[%clk 1:18:26]} 23. Rd7+ {[%clk 1:03:25]} Be7 {[%clk 1:16:42]} 24. Bxh6+
{[%clk 1:01:52]} Rxh6 {[%clk 1:17:09]} 25. Rxh6 {[%clk 1:02:15]} Kxh6
{[%clk 1:17:05]} 26. Nc8 {[%clk 1:02:34]} Bh4+ {[%clk 1:17:09]} 27. Ke2
{[%clk 1:02:45]} Ra8 {[%clk 1:17:09]} 28. Nd6 {[%clk 1:02:33]} b5
{[%clk 1:13:04]} 29. Nf5+ {[%clk 1:00:21]} Kg5 {[%clk 1:12:28]} 30. Rh7
{[%clk 0:59:02]} b4 {[%clk 1:12:33]} 31. Rxh4 {[%clk 0:58:28]} bxc3
{[%clk 1:12:57]} 32. bxc3 {[%clk 0:58:45]} Rb8 {[%clk 1:12:57]} 33. Ke3
{[%clk 0:58:59]} Na5 {[%clk 1:13:07]} 34. Rh5+ {[%clk 0:57:52]} Kf6
{[%clk 1:13:20]} 35. Rh6+ {[%clk 0:58:04]} Kg5 {[%clk 1:13:37]} 36. Rxa6
{[%clk 0:57:59]} Nb7 {[%clk 1:13:31]} 37. Rb6 {[%clk 0:58:03]} Ra8
{[%clk 1:12:43]} 38. Rxb7 {[%clk 0:57:41]} Rxa2 {[%clk 1:13:10]} 39. Rb5
{[%clk 0:57:20]} Ra1 {[%clk 1:13:31]} 40. Be2 {[%clk 1:27:04]} Ra3
{[%clk 1:41:45]} 41. Rxc5 {[%clk 1:27:14]} Kf6 {[%clk 1:41:54]} 42. f4
{[%clk 1:26:04]} exf4+ {[%clk 1:42:13]} 43. Kxf4 {[%clk 1:26:22]} Ra2
{[%clk 1:42:26]} 44. Bf3 {[%clk 1:26:42]} Ra4 {[%clk 1:39:05]} 45. g5+
{[%clk 1:26:23]} Kg6 {[%clk 1:33:32]} 46. Rc6+ {[%clk 1:25:21]} Kh7
{[%clk 1:26:15]} 47. g6+ {[%clk 1:25:18]} 1-0

[Event "WCO 2016"]
[Site "?"]
[Date "2016.09.09"]
[Round "7"]
[Board "30"]
[WhiteID "7802692"]
[White "Saira Rafique "]
[BlackID "11301422"]
[Black "Mbo Mabedi"]
[Result "0-1"]
[BlackElo "1531"]
[WhiteElo "1104"]
[LiveChessVersion "1.4.8"]

1. e4 {[%clk 1:30:56]} e5 {[%clk 1:30:54]} 2. Nf3 {[%clk 1:31:21]} d6
{[%clk 1:31:14]} 3. Bc4 {[%clk 1:31:04]} Bg4 {[%clk 1:31:18]} 4. O-O
{[%clk 1:29:47]} Nf6 {[%clk 1:31:34]} 5. Nc3 {[%clk 1:29:34]} c6 {[%clk 1:31:43]}
6. h3 {[%clk 1:27:33]} Bh5 {[%clk 1:31:58]} 7. g4 {[%clk 1:20:27]} Bg6
{[%clk 1:32:07]} 8. d3 {[%clk 1:19:46]} h6 {[%clk 1:32:34]} 9. Re1
{[%clk 1:18:24]} Be7 {[%clk 1:33:01]} 10. Bb3 {[%clk 1:13:26]} Qd7
{[%clk 1:33:17]} 11. Nh2 {[%clk 1:12:01]} h5 {[%clk 1:31:36]} 12. Qf3
{[%clk 1:04:42]} hxg4 {[%clk 1:28:46]} 13. hxg4 {[%clk 1:02:55]} Na6
{[%clk 1:18:16]} 14. Qg3 {[%clk 0:39:21]} O-O-O {[%clk 1:14:22]} 15. Be3
{[%clk 0:38:01]} Kb8 {[%clk 1:13:56]} 16. Kf1 {[%clk 0:38:18]} Rh7
{[%clk 1:14:23]} 17. f3 {[%clk 0:36:43]} Rdh8 {[%clk 1:14:49]} 18. Re2
{[%clk 0:29:58]} Rh3 {[%clk 1:14:21]} 19. Qg1 {[%clk 0:28:22]} c5
{[%clk 1:03:41]} 20. Rd1 {[%clk 0:24:57]} Bd8 {[%clk 1:03:42]} 21. Rdd2
{[%clk 0:22:19]} Nh7 {[%clk 1:02:39]} 22. Rf2 {[%clk 0:19:39]} Ng5
{[%clk 1:01:04]} 23. f4 {[%clk 0:18:11]} Rxe3 {[%clk 0:53:35]} 24. fxg5
{[%clk 0:14:55]} Reh3 {[%clk 0:53:53]} 25. Rf3 {[%clk 0:12:21]} Bxg5
{[%clk 0:53:04]} 26. Rxh3 {[%clk 0:08:53]} Rxh3 {[%clk 0:53:07]} 27. Rg2
{[%clk 0:08:33]} Be3 {[%clk 0:50:57]} 28. Qh1 {[%clk 0:08:12]} Qe7
{[%clk 0:50:44]} 29. Nd5 {[%clk 0:08:00]} Qg5 {[%clk 0:50:59]} 30. Rg3
{[%clk 0:06:41]} Rxg3 {[%clk 0:51:00]} 31. Nf3 {[%clk 0:05:32]} Qh6
{[%clk 0:49:21]} 32. Qxh6 {[%clk 0:03:51]} Bxh6 {[%clk 0:49:47]} 33. Nh4
{[%clk 0:03:28]} Rxg4 {[%clk 0:49:21]} 34. Nxg6 {[%clk 0:02:35]} fxg6
{[%clk 0:49:39]} 35. Ne7 {[%clk 0:02:44]} Bc1 {[%clk 0:49:52]} 36. Be6
{[%clk 0:02:41]} Rg3 {[%clk 0:47:40]} 37. b3 {[%clk 0:02:46]} Nb4
{[%clk 0:47:12]} 38. Kf2 {[%clk 0:02:39]} Bf4 {[%clk 0:46:17]} 39. c4
{[%clk 0:31:42]} Nxd3+ {[%clk 1:16:41]} 40. Ke2 {[%clk 0:31:42]} Nc1+
{[%clk 1:17:01]} 41. Kf2 {[%clk 0:31:22]} Nxa2 {[%clk 1:17:06]} 42. Bf7
{[%clk 0:31:44]} Nc1 {[%clk 1:13:41]} 43. Nxg6 {[%clk 0:26:13]} Nxb3
{[%clk 1:12:23]} 44. Nh4 {[%clk 0:23:27]} g5 {[%clk 1:11:17]} 45. Nf5
{[%clk 0:23:43]} Rd3 {[%clk 1:11:00]} 46. Bd5 {[%clk 0:23:10]} Kc7
{[%clk 1:09:55]} 47. Ng7 {[%clk 0:22:53]} a5 {[%clk 1:09:21]} 0-1

[Event "WCO 2016"]
[Site "?"]
[Date "2016.09.09"]
[Round "7"]
[Board "31"]
[WhiteID "11301317"]
[White "Francis Thapelo"]
[BlackID "7800746"]
[Black "Wasif Zenobia"]
[Result "1/2-1/2"]
[BlackElo "1566"]
[WhiteElo "1700"]
[LiveChessVersion "1.4.8"]

1. e4 {[%clk 1:30:54]} c5 {[%clk 1:30:52]} 2. Nc3 {[%clk 1:30:56]} e5
{[%clk 1:30:51]} 3. Nf3 {[%clk 1:31:05]} Nc6 {[%clk 1:30:59]} 4. Bc4
{[%clk 1:31:13]} h6 {[%clk 1:31:12]} 5. d3 {[%clk 1:31:00]} Nf6 {[%clk 1:31:19]}
6. O-O {[%clk 1:28:25]} d6 {[%clk 1:31:35]} 7. h3 {[%clk 1:28:49]} Be7
{[%clk 1:31:47]} 8. Nh2 {[%clk 1:28:43]} O-O {[%clk 1:31:36]} 9. f4
{[%clk 1:28:03]} exf4 {[%clk 1:28:35]} 10. Bxf4 {[%clk 1:26:50]} a6
{[%clk 1:28:03]} 11. Qd2 {[%clk 1:26:12]} Kh7 {[%clk 1:27:17]} 12. Ne2
{[%clk 1:20:39]} Be6 {[%clk 1:25:59]} 13. Bb3 {[%clk 1:20:40]} Na5
{[%clk 1:24:36]} 14. Ng3 {[%clk 1:16:22]} Nxb3 {[%clk 1:22:49]} 15. axb3
{[%clk 1:16:40]} Nd7 {[%clk 1:20:39]} 16. Be3 {[%clk 1:14:54]} Ne5
{[%clk 1:17:10]} 17. Qf2 {[%clk 1:12:53]} Bh4 {[%clk 1:15:26]} 18. Qe1
{[%clk 1:07:24]} f5 {[%clk 1:12:03]} 19. exf5 {[%clk 1:07:11]} Bxf5
{[%clk 1:07:33]} 20. Rd1 {[%clk 1:05:12]} Qe8 {[%clk 1:05:23]} 21. Bf2
{[%clk 1:03:33]} Bd7 {[%clk 0:58:01]} 22. Qe4+ {[%clk 0:59:08]} Ng6
{[%clk 0:57:21]} 23. Qxe8 {[%clk 0:59:07]} Raxe8 {[%clk 0:57:07]} 24. Ne4
{[%clk 0:59:16]} Bxf2+ {[%clk 0:53:46]} 25. Rxf2 {[%clk 0:59:21]} Rxf2
{[%clk 0:52:00]} 26. Kxf2 {[%clk 0:59:42]} Re6 {[%clk 0:51:57]} 27. Nf3
{[%clk 0:58:43]} b6 {[%clk 0:52:05]} 28. Nc3 {[%clk 0:58:24]} Bc6
{[%clk 0:51:04]} 29. Re1 {[%clk 0:56:52]} Rxe1 {[%clk 0:48:34]} 30. Nxe1
{[%clk 0:57:12]} b5 {[%clk 0:47:02]} 31. g3 {[%clk 0:57:10]} Ne5 {[%clk 0:46:38]}
32. Ke3 {[%clk 0:55:29]} d5 {[%clk 0:38:15]} 33. Kf4 {[%clk 0:55:34]} Ng6+
{[%clk 0:38:19]} 34. Kf3 {[%clk 0:54:06]} Ne5+ {[%clk 0:35:14]} 35. Kf2
{[%clk 0:54:01]} g5 {[%clk 0:35:30]} 36. Nf3 {[%clk 0:53:41]} Nxf3
{[%clk 0:34:15]} 37. Kxf3 {[%clk 0:53:57]} h5 {[%clk 0:33:40]} 38. h4
{[%clk 0:53:50]} Kg6 {[%clk 0:33:03]} 39. hxg5 {[%clk 0:54:04]} Kxg5
{[%clk 0:33:21]} 40. Ne2 {[%clk 1:23:36]} d4+ {[%clk 0:59:10]} 41. Kf2
{[%clk 1:23:48]} Bd5 {[%clk 0:55:47]} 42. Nf4 {[%clk 1:22:08]} Bf7
{[%clk 0:56:00]} 43. Kf3 {[%clk 1:21:17]} c4 {[%clk 0:54:50]} 44. dxc4
{[%clk 1:20:26]} bxc4 {[%clk 0:55:12]} 45. bxc4 {[%clk 1:20:19]} Bxc4
{[%clk 0:55:22]} 46. b3 {[%clk 1:10:20]} Bf7 {[%clk 0:54:42]} 47. b4
{[%clk 1:09:00]} Bc4 {[%clk 0:52:35]} 48. Ke4 {[%clk 1:05:17]} Bf7
{[%clk 0:51:19]} 49. Kxd4 {[%clk 1:05:25]} Kg4 {[%clk 0:51:33]} 50. Kc5
{[%clk 1:00:42]} Kxg3 {[%clk 0:51:19]} 51. Nxh5+ {[%clk 1:01:02]} Bxh5
{[%clk 0:51:26]} 52. c4 {[%clk 1:00:52]} Be2 {[%clk 0:42:06]} 1/2-1/2

[Event "WCO 2016"]
[Site "?"]
[Date "2016.09.09"]
[Round "7"]
[Board "29"]
[WhiteID "14100754"]
[White "Baklanova Tatiana"]
[BlackID "12312754"]
[Black "Joshi Sindira"]
[Result "1-0"]
[BlackElo "1574"]
[WhiteElo "2200"]
[LiveChessVersion "1.4.8"]

1. d4 {[%clk 1:30:56]} Nf6 {[%clk 1:30:54]} 2. c4 {[%clk 1:31:21]} e6
{[%clk 1:31:17]} 3. Nc3 {[%clk 1:31:48]} Bb4 {[%clk 1:31:32]} 4. Qc2
{[%clk 1:32:08]} Nc6 {[%clk 1:31:34]} 5. Nf3 {[%clk 1:32:25]} d6 {[%clk 1:30:44]}
6. Bd2 {[%clk 1:32:01]} Bxc3 {[%clk 1:25:32]} 7. Bxc3 {[%clk 1:32:21]} a5
{[%clk 1:22:54]} 8. Rd1 {[%clk 1:22:26]} O-O {[%clk 1:18:53]} 9. e4
{[%clk 1:13:52]} Qe7 {[%clk 1:15:09]} 10. e5 {[%clk 1:12:24]} dxe5
{[%clk 1:08:55]} 11. dxe5 {[%clk 1:12:01]} Nd7 {[%clk 1:08:00]} 12. a3
{[%clk 0:56:17]} b6 {[%clk 0:53:55]} 13. Bd3 {[%clk 0:51:20]} h6 {[%clk 0:53:18]}
14. Be4 {[%clk 0:42:21]} Bb7 {[%clk 0:49:58]} 15. Qe2 {[%clk 0:36:17]} Nc5
{[%clk 0:39:13]} 16. Bb1 {[%clk 0:35:02]} Rad8 {[%clk 0:31:33]} 17. O-O
{[%clk 0:35:12]} Rxd1 {[%clk 0:29:42]} 18. Qxd1 {[%clk 0:29:09]} Rd8
{[%clk 0:26:34]} 19. Qc2 {[%clk 0:29:34]} g6 {[%clk 0:20:49]} 20. Qc1
{[%clk 0:24:06]} Kh7 {[%clk 0:19:39]} 21. Qe3 {[%clk 0:23:49]} Nb3
{[%clk 0:14:45]} 22. h4 {[%clk 0:24:01]} Qc5 {[%clk 0:10:53]} 23. Qf4
{[%clk 0:23:51]} Rd7 {[%clk 0:06:33]} 24. h5 {[%clk 0:13:07]} Ncd4
{[%clk 0:05:03]} 25. Nxd4 {[%clk 0:09:12]} Nxd4 {[%clk 0:05:15]} 26. Qf6
{[%clk 0:09:28]} Nf5 {[%clk 0:03:19]} 27. hxg6+ {[%clk 0:09:44]} fxg6
{[%clk 0:03:23]} 28. Qxe6 {[%clk 0:09:54]} Re7 {[%clk 0:01:30]} 29. Qf6
{[%clk 0:09:38]} Rg7 {[%clk 0:00:00]} 1-0

[Event "WCO 2016"]
[Site "?"]
[Date "2016.09.09"]
[Round "7"]
[Board "30"]
[WhiteID "12301329"]
[White "Adhikari Ashmita"]
[BlackID "14122294"]
[Black "Lagutina Olga"]
[Result "0-1"]
[BlackElo "1910"]
[WhiteElo "1632"]
[LiveChessVersion "1.4.8"]

1. e4 c5 2. g3 {[%clk 1:30:44]} d5 {[%clk 1:30:28]} 3. Bg2 {[%clk 1:30:22]} dxe4
{[%clk 1:30:13]} 4. Bxe4 {[%clk 1:30:12]} Nf6 {[%clk 1:29:32]} 5. Bg2
{[%clk 1:29:42]} Bg4 {[%clk 1:28:05]} 6. Ne2 {[%clk 1:29:03]} Qd7
{[%clk 1:25:28]} 7. d3 {[%clk 1:25:40]} Nc6 {[%clk 1:24:29]} 8. Nbc3
{[%clk 1:24:52]} Nd4 {[%clk 1:20:53]} 9. Be3 {[%clk 1:21:51]} Nf3+
{[%clk 1:14:32]} 10. Kf1 {[%clk 1:19:28]} Nd4 {[%clk 1:11:44]} 11. h3
{[%clk 1:15:12]} Bh5 {[%clk 0:47:02]} 12. g4 {[%clk 1:11:54]} Bg6
{[%clk 0:47:02]} 13. Ng3 {[%clk 1:11:14]} e6 {[%clk 0:45:51]} 14. Qd2
{[%clk 1:03:28]} Nxc2 {[%clk 0:36:00]} 15. Rd1 {[%clk 0:57:48]} Nxe3+
{[%clk 0:35:23]} 16. Qxe3 {[%clk 0:57:46]} Be7 {[%clk 0:31:13]} 17. g5
{[%clk 0:56:00]} Nh5 {[%clk 0:30:04]} 18. Nge4 {[%clk 0:53:50]} Rc8
{[%clk 0:29:29]} 19. d4 {[%clk 0:51:52]} cxd4 {[%clk 0:22:25]} 20. Rxd4
{[%clk 0:52:01]} Qc7 {[%clk 0:22:28]} 21. Ke2 {[%clk 0:48:01]} Nf4+
{[%clk 0:22:00]} 22. Kf1 {[%clk 0:47:37]} Nxg2 {[%clk 0:22:05]} 23. Kxg2
{[%clk 0:47:46]} Qc6 {[%clk 0:16:55]} 24. Rhd1 {[%clk 0:42:47]} Bc5
{[%clk 0:15:28]} 25. Kf1 {[%clk 0:42:10]} Bxd4 {[%clk 0:15:29]} 26. Rxd4
{[%clk 0:42:13]} Bxe4 {[%clk 0:15:23]} 27. Nxe4 {[%clk 0:40:59]} Qc1+
{[%clk 0:15:19]} 28. Qxc1 {[%clk 0:41:10]} Rxc1+ {[%clk 0:15:48]} 29. Kg2
{[%clk 0:41:29]} Ke7 {[%clk 0:15:52]} 30. Rb4 {[%clk 0:40:12]} Rb8
{[%clk 0:14:44]} 31. Nc3 {[%clk 0:39:22]} Re1 {[%clk 0:14:40]} 32. Ne4
{[%clk 0:38:21]} a5 {[%clk 0:13:35]} 33. Rd4 {[%clk 0:37:47]} e5 {[%clk 0:13:41]}
34. Rc4 {[%clk 0:37:35]} Rd8 {[%clk 0:05:40]} 35. Nc5 {[%clk 0:33:21]} Rc8
{[%clk 0:04:49]} 36. Rc3 {[%clk 0:33:34]} b6 {[%clk 0:04:34]} 37. Na4
{[%clk 0:33:50]} Rxc3 {[%clk 0:04:54]} 38. Nxc3 {[%clk 0:34:14]} Kd6
{[%clk 0:04:41]} 39. Kf3 {[%clk 0:34:27]} Rc1 {[%clk 0:03:47]} 40. Na4
{[%clk 0:33:13]} b5 {[%clk 0:03:40]} 41. Nc3 {[%clk 1:03:13]} Rxc3+
{[%clk 0:26:31]} 42. bxc3 {[%clk 1:03:53]} Kd5 {[%clk 0:27:00]} 43. Ke3
{[%clk 1:04:11]} Kc4 {[%clk 0:27:15]} 44. Kd2 {[%clk 1:02:37]} f5
{[%clk 0:27:28]} 45. gxf6 {[%clk 1:01:29]} gxf6 {[%clk 0:27:57]} 46. f3
{[%clk 1:01:01]} f5 {[%clk 0:28:11]} 47. h4 {[%clk 1:00:51]} a4 {[%clk 0:28:17]}
48. h5 {[%clk 1:00:40]} a3 {[%clk 0:27:56]} 49. h6 {[%clk 0:57:59]} e4
{[%clk 0:27:26]} 50. fxe4 {[%clk 0:56:56]} fxe4 {[%clk 0:27:54]} 51. Ke3
{[%clk 0:57:19]} Kxc3 {[%clk 0:23:02]} 52. Kxe4 {[%clk 0:56:56]} Kb2
{[%clk 0:23:30]} 53. Kf5 {[%clk 0:56:55]} Kxa2 {[%clk 0:23:57]} 54. Kf6
{[%clk 0:57:19]} Kb3 {[%clk 0:23:47]} 55. Kg7 {[%clk 0:57:28]} a2
{[%clk 0:23:39]} 56. Kxh7 {[%clk 0:57:31]} a1=Q {[%clk 0:23:58]} 57. Kg8
{[%clk 0:57:08]} Qh1 {[%clk 0:24:07]} 0-1

[Event "WCO 2016"]
[Site "?"]
[Date "2016.09.09"]
[Round "7"]
[Board "31"]
[WhiteID "14124530"]
[White "Myronenko Natalya"]
[BlackID "12300080"]
[Black "Khamboo Monalisa"]
[Result "1-0"]
[BlackElo "1740"]
[WhiteElo "1922"]
[LiveChessVersion "1.4.8"]

1. e4 {[%clk 1:30:54]} c5 {[%clk 1:30:55]} 2. Nf3 {[%clk 1:31:20]} d6
{[%clk 1:31:19]} 3. d4 {[%clk 1:31:38]} cxd4 {[%clk 1:31:43]} 4. Nxd4
{[%clk 1:32:05]} Nc6 {[%clk 1:31:53]} 5. Be2 {[%clk 1:31:50]} Nf6
{[%clk 1:31:27]} 6. Nc3 {[%clk 1:31:46]} a6 {[%clk 1:30:13]} 7. O-O
{[%clk 1:31:51]} e6 {[%clk 1:24:37]} 8. Be3 {[%clk 1:29:41]} Be7 {[%clk 1:24:51]}
9. f4 {[%clk 1:29:53]} O-O {[%clk 1:24:43]} 10. Kh1 {[%clk 1:30:10]} d5
{[%clk 1:13:39]} 11. exd5 {[%clk 1:26:16]} Nxd5 {[%clk 1:05:55]} 12. Nxd5
{[%clk 1:25:23]} exd5 {[%clk 1:00:28]} 13. c3 {[%clk 1:18:39]} f5
{[%clk 0:56:07]} 14. Bf3 {[%clk 1:17:01]} Bf6 {[%clk 0:52:34]} 15. Nb3
{[%clk 1:09:40]} Ne7 {[%clk 0:34:34]} 16. Bc5 {[%clk 1:07:40]} Be6
{[%clk 0:31:43]} 17. Re1 {[%clk 1:05:14]} Bf7 {[%clk 0:21:05]} 18. Nd4
{[%clk 1:01:26]} g6 {[%clk 0:19:52]} 19. Ne6 {[%clk 1:00:04]} Bxe6
{[%clk 0:17:57]} 20. Rxe6 {[%clk 1:00:29]} Qd7 {[%clk 0:17:18]} 21. Rd6
{[%clk 0:57:21]} Qc7 {[%clk 0:16:41]} 22. Bxd5+ {[%clk 0:56:07]} Kg7
{[%clk 0:15:59]} 23. Ba3 {[%clk 0:53:05]} Nxd5 {[%clk 0:14:42]} 24. Qxd5
{[%clk 0:52:20]} Rfd8 {[%clk 0:13:06]} 25. Rd1 {[%clk 0:52:22]} Rxd6
{[%clk 0:12:50]} 26. Bxd6 {[%clk 0:51:52]} Qb6 {[%clk 0:12:07]} 27. Be5
{[%clk 0:47:16]} Rf8 {[%clk 0:06:09]} 28. b3 {[%clk 0:40:44]} Rf7
{[%clk 0:04:23]} 29. c4 {[%clk 0:36:25]} Qf2 {[%clk 0:02:38]} 30. Bxf6+
{[%clk 0:35:58]} Kxf6 {[%clk 0:02:49]} 31. Qe5# {[%clk 0:36:10]} 1-0

[Event "WCO 2016"]
[Site "?"]
[Date "2016.09.09"]
[Round "7"]
[Board "32"]
[WhiteID "12311987"]
[White "Lohani Sujana"]
[BlackID "14122103"]
[Black "Gonchar Svitlana"]
[Result "1-0"]
[BlackElo "1807"]
[WhiteElo "1488"]
[LiveChessVersion "1.4.8"]

1. d4 {[%clk 1:30:58]} Nf6 {[%clk 1:30:30]} 2. Nf3 {[%clk 1:31:18]} e6
{[%clk 1:30:55]} 3. c4 {[%clk 1:31:39]} d5 {[%clk 1:31:22]} 4. g3
{[%clk 1:31:56]} Be7 {[%clk 1:31:48]} 5. Bg2 {[%clk 1:32:11]} O-O
{[%clk 1:32:08]} 6. O-O {[%clk 1:32:35]} c5 {[%clk 1:26:39]} 7. cxd5
{[%clk 1:32:00]} exd5 {[%clk 1:22:12]} 8. Nc3 {[%clk 1:31:29]} Nc6
{[%clk 1:21:02]} 9. Bf4 {[%clk 1:24:21]} a6 {[%clk 1:14:07]} 10. dxc5
{[%clk 1:22:20]} Bxc5 {[%clk 1:13:29]} 11. Qc2 {[%clk 1:22:04]} Be6
{[%clk 1:05:31]} 12. Ng5 {[%clk 1:21:25]} Nd4 {[%clk 1:02:18]} 13. Nxe6
{[%clk 1:13:21]} Nxc2 {[%clk 1:01:47]} 14. Nxd8 {[%clk 1:13:44]} Nxa1
{[%clk 1:02:11]} 15. Nxb7 {[%clk 1:13:24]} Bxf2+ {[%clk 0:37:54]} 16. Rxf2
{[%clk 1:13:32]} d4 {[%clk 0:33:04]} 17. Nd5 {[%clk 1:10:58]} Ng4
{[%clk 0:29:37]} 18. Rf1 {[%clk 1:10:31]} Nc2 {[%clk 0:29:53]} 19. Rc1
{[%clk 1:05:03]} Nge3 {[%clk 0:25:29]} 20. Be4 {[%clk 1:03:28]} Nxd5
{[%clk 0:21:46]} 21. Bxd5 {[%clk 1:03:43]} Ne3 {[%clk 0:21:46]} 22. Bb3
{[%clk 0:57:52]} Rac8 {[%clk 0:19:23]} 23. Bxe3 {[%clk 0:57:53]} dxe3
{[%clk 0:18:52]} 24. Rxc8 {[%clk 0:58:10]} Rxc8 {[%clk 0:19:03]} 25. Nd6
{[%clk 0:57:52]} Rc6 {[%clk 0:16:31]} 26. Nxf7 {[%clk 0:57:53]} Kf8
{[%clk 0:16:56]} 27. Ng5 {[%clk 0:58:01]} h6 {[%clk 0:17:07]} 28. Ne6+
{[%clk 0:57:59]} Ke7 {[%clk 0:16:53]} 29. Nxg7 {[%clk 0:58:03]} Kf6
{[%clk 0:17:11]} 30. Nh5+ {[%clk 0:57:57]} Ke5 {[%clk 0:16:10]} 31. Nf4
{[%clk 0:57:48]} a5 {[%clk 0:10:05]} 32. Kg2 {[%clk 0:57:23]} Rf6
{[%clk 0:09:50]} 33. Kf3 {[%clk 0:56:15]} Kd4 {[%clk 0:07:55]} 34. Kg4
{[%clk 0:54:32]} Ke4 {[%clk 0:07:54]} 35. Bc4 {[%clk 0:54:21]} Ke5
{[%clk 0:07:45]} 36. b3 {[%clk 0:53:56]} Rd6 {[%clk 0:07:09]} 37. Nd3+
{[%clk 0:53:48]} Ke4 {[%clk 0:06:47]} 38. Nc5+ {[%clk 0:52:52]} Kd4
{[%clk 0:07:00]} 39. Nb7 {[%clk 0:52:43]} Rf6 {[%clk 0:06:02]} 40. Nxa5
{[%clk 1:22:33]} Kc3 {[%clk 0:35:15]} 41. a4 {[%clk 1:21:56]} Rf2
{[%clk 0:32:31]} 42. h4 {[%clk 1:21:33]} Rf6 {[%clk 0:32:22]} 43. Nb7
{[%clk 1:21:32]} Kd2 {[%clk 0:31:47]} 44. Nc5 {[%clk 1:21:50]} Rg6+
{[%clk 0:20:09]} 45. Kh5 {[%clk 1:20:50]} Rc6 {[%clk 0:20:16]} 46. Ne4+
{[%clk 1:19:37]} Ke1 {[%clk 0:20:12]} 47. a5 {[%clk 1:16:25]} Rxc4
{[%clk 0:10:44]} 48. bxc4 {[%clk 1:16:48]} Kxe2 {[%clk 0:11:11]} 49. a6
{[%clk 1:16:52]} Kd3 {[%clk 0:11:36]} 50. a7 {[%clk 1:16:40]} e2 {[%clk 0:12:01]}
51. a8=Q {[%clk 1:16:57]} e1=Q {[%clk 0:12:24]} 52. Qd5+ {[%clk 1:16:50]} Kc2
{[%clk 0:12:43]} 53. Qd2+ {[%clk 1:17:13]} 1-0

[Event "WCO 2016"]
[Site "?"]
[Date "2016.09.09"]
[Round "7"]
[Board "1"]
[WhiteID "7700466"]
[White "Smith Javanna"]
[BlackID "9000780"]
[Black "Bahji Hind"]
[Result "0-1"]
[BlackElo "1948"]
[WhiteElo "1759"]
[LiveChessVersion "1.4.8"]

1. e4 {[%clk 1:30:57]} c5 {[%clk 1:30:35]} 2. Nf3 {[%clk 1:31:21]} d6
{[%clk 1:31:01]} 3. d4 {[%clk 1:31:46]} cxd4 {[%clk 1:31:26]} 4. Nxd4
{[%clk 1:32:12]} Nf6 {[%clk 1:31:46]} 5. Nc3 {[%clk 1:32:36]} a6 {[%clk 1:32:09]}
6. Bg5 {[%clk 1:30:43]} e6 {[%clk 1:29:42]} 7. f3 {[%clk 1:25:21]} Be7
{[%clk 1:28:38]} 8. Qd2 {[%clk 1:25:46]} h6 {[%clk 1:21:36]} 9. Be3
{[%clk 1:18:37]} Qc7 {[%clk 1:20:19]} 10. O-O-O {[%clk 1:18:39]} b5
{[%clk 1:19:24]} 11. Ndxb5 {[%clk 0:56:34]} axb5 {[%clk 1:17:13]} 12. Nxb5
{[%clk 0:57:02]} Qc6 {[%clk 0:56:15]} 13. Nxd6+ {[%clk 0:50:23]} Bxd6
{[%clk 0:55:53]} 14. e5 {[%clk 0:48:34]} Be7 {[%clk 0:47:49]} 15. exf6
{[%clk 0:47:58]} Bxf6 {[%clk 0:48:03]} 16. Qb4 {[%clk 0:46:26]} Be7
{[%clk 0:37:40]} 17. Qg4 {[%clk 0:45:12]} Bf6 {[%clk 0:34:12]} 18. Qb4
{[%clk 0:41:41]} Na6 {[%clk 0:31:37]} 19. Bxa6 {[%clk 0:39:55]} Rxa6
{[%clk 0:31:51]} 20. Bd4 {[%clk 0:37:12]} Ra4 {[%clk 0:28:11]} 21. Qc5
{[%clk 0:36:56]} Qxc5 {[%clk 0:27:36]} 22. Bxc5 {[%clk 0:37:23]} Rxa2
{[%clk 0:27:29]} 23. c3 {[%clk 0:36:26]} Be7 {[%clk 0:25:50]} 24. Bxe7
{[%clk 0:35:31]} Kxe7 {[%clk 0:26:18]} 25. Kc2 {[%clk 0:35:53]} Bb7
{[%clk 0:23:33]} 26. Ra1 {[%clk 0:35:44]} Rha8 {[%clk 0:23:01]} 27. Rxa2
{[%clk 0:34:59]} Rxa2 {[%clk 0:23:29]} 28. Kb3 {[%clk 0:35:20]} Ra6
{[%clk 0:22:30]} 29. c4 {[%clk 0:35:33]} g5 {[%clk 0:17:43]} 30. Rf1
{[%clk 0:32:35]} f5 {[%clk 0:14:54]} 31. Kb4 {[%clk 0:30:53]} Rb6+
{[%clk 0:14:36]} 32. Kc3 {[%clk 0:31:07]} Ba6 {[%clk 0:13:54]} 33. Rd1
{[%clk 0:30:50]} Bxc4 {[%clk 0:13:37]} 34. Kxc4 {[%clk 0:31:06]} Rxb2
{[%clk 0:14:03]} 35. Rg1 {[%clk 0:30:58]} Rd2 {[%clk 0:14:02]} 36. Kc3
{[%clk 0:31:15]} Rd5 {[%clk 0:14:20]} 37. Ra1 {[%clk 0:31:19]} Kf6
{[%clk 0:14:15]} 38. Ra8 {[%clk 0:31:00]} h5 {[%clk 0:11:07]} 39. Rh8
{[%clk 0:29:25]} h4 {[%clk 0:07:25]} 40. Rh6+ {[%clk 0:54:46]} Ke5
{[%clk 0:32:53]} 41. Rg6 {[%clk 0:54:27]} Kf4 {[%clk 0:26:47]} 42. Rxe6
{[%clk 0:54:49]} h3 {[%clk 0:24:17]} 43. Re2 {[%clk 0:52:00]} hxg2
{[%clk 0:21:44]} 44. Rxg2 {[%clk 0:52:29]} Rd8 {[%clk 0:20:28]} 45. Rf2
{[%clk 0:51:59]} Rc8+ {[%clk 0:20:27]} 46. Kb4 {[%clk 0:51:35]} Re8
{[%clk 0:19:31]} 47. Kc3 {[%clk 0:51:36]} Re3+ {[%clk 0:19:53]} 0-1